Foundations of Behavioral Research / (Record no. 176915)
[ view plain ]
| 000 -LEADER | |
|---|---|
| fixed length control field | 00761 a2200169 4500 |
| 003 - CONTROL NUMBER IDENTIFIER | |
| control field | Nust |
| 005 - DATE AND TIME OF LATEST TRANSACTION | |
| control field | 20221205091211.0 |
| 040 ## - CATALOGING SOURCE | |
| Transcribing agency | Nust |
| 082 ## - DEWEY DECIMAL CLASSIFICATION NUMBER | |
| Classification number | 150.72,KER |
| 100 ## - MAIN ENTRY--PERSONAL NAME | |
| Personal name | Kerlinger ,Fred.N |
| 9 (RLIN) | 37076 |
| 245 ## - TITLE STATEMENT | |
| Title | Foundations of Behavioral Research / |
| Statement of responsibility, etc. | Fred N. Kerlinger |
| 260 ## - PUBLICATION, DISTRIBUTION, ETC. | |
| Place of publication, distribution, etc. | Islamabad |
| Name of publisher, distributor, etc. | National Book Foundation |
| 300 ## - PHYSICAL DESCRIPTION | |
| Extent | xix,739 p.; |
| 505 ## - FORMATTED CONTENTS NOTE | |
| Formatted contents note | The Languages and Approach of Science (Page-3), Sets Relation and Variables (Page-67), Probability and Statically Inference (Page-117), Designs of Research (Page-275), Types of Research (Page-359), Measurements (Page-411), Methods of Observation and Data a Collection (Page-467), Analysis and Interpretation (Page-603). |
| 650 ## - SUBJECT ADDED ENTRY--TOPICAL TERM | |
| Topical term or geographic name entry element | Behavioral Research |
| 9 (RLIN) | 64642 |
| 942 ## - ADDED ENTRY ELEMENTS (KOHA) | |
| Source of classification or shelving scheme | |
| Koha item type | Book |
| Call number prefix | 150.72,KER |
| Withdrawn status | Lost status | Source of classification or shelving scheme | Damaged status | Not for loan | Permanent Location | Current Location | Shelving location | Date acquired | Full call number | Barcode | Date last seen | Price effective from | Koha item type | Public note |
|---|---|---|---|---|---|---|---|---|---|---|---|---|---|---|
| Military College of Signals (MCS) | Military College of Signals (MCS) | General Stacks | 12/12/2016 | 150.72,KER | MCS34323 | 12/08/2016 | 12/12/2016 | Book | Almirah No.46, Shelf No.3 | |||||
| Military College of Signals (MCS) | Military College of Signals (MCS) | General Stacks | 12/12/2016 | 150.72,KER | MCS34324 | 12/08/2016 | 12/12/2016 | Book | Almirah No.46, Shelf No.3 |
